[Event "Mittelfranken-chTB2a 1112"]
[Site "Germany"]
[Date "2011.12.11"]
[Round "4.3"]
[White "Wiedemann, Hans Joerg"]
[Black "Horstmann, Sven"]
[Result "1/2-1/2"]
[WhiteElo "1664"]
[BlackElo "1902"]
[PlyCount "104"]
[EventDate "2011.09.25"]
[EventType "team-tourn"]
[EventRounds "9"]
[EventCountry "GER"]
[SourceTitle "EXT 2013"]
[Source "ChessBase"]
[SourceDate "2012.11.22"]
[SourceVersion "1"]
[SourceVersionDate "2012.11.22"]
[SourceQuality "1"]
[WhiteTeam "Buechenbach/Roth III"]
[BlackTeam "Bechhofen II"]
[WhiteTeamCountry "GER"]
[BlackTeamCountry "GER"]

1. e4 e6 2. d4 d5 3. exd5 exd5 4. Bb5+ c6 5. Bd3 Bd6 6. Nf3 Bg4 7. 0-0 Qc7 8. h3 Bh5 9. Re1+ Ne7 10. Bg5 f6 11. Bd2 Nd7 12. c4 0-0-0 13. c5 Bh2+ 14. Kh1 Ng8 15. g4 Bg6 16. Bxg6 hxg6 17. Nxh2 Rxh3 18. f4 Nh6 19. Kg2 Rh4 20. Qf3 Rh8 21. Nc3 g5 22. Rh1 f5 23. fxg5 fxg4 24. Qf4 Qxf4 25. Bxf4 Nf5 26. Ne2 Nf8 27. Bg3 Nxg3 28. Nxg3 Ne6 29. Nxg4 Nxd4 30. Rxh4 Rxh4 31. Ne5 Ne6 32. Nf5 Rb4 33. b3 Nxg5 34. Rh1 Ne6 35. Rh8+ Kc7 36. Nd3 Rg4+ 37. Kf3 Rg5 38. Nd6 Nxc5 39. Nxc5 Kxd6 40. Nxb7+ Kc7 41. Nc5 Rf5+ 42. Kg4 Rf2 43. a4 Rc2 44. Ne6+ Kd6 45. Nd4 Rd2 46. Nf5+ Kc5 47. Rb8 g6 48. b4+ Kc4 49. Ne7 c5 50. bxc5 Kxc5 51. Rb5+ Kd6 52. Nc8+ Kc7 1/2-1/2

[Event "Mittelfranken-chTB2a 1011"]
[Site "Germany"]
[Date "2011.04.03"]
[Round "8.1"]
[White "Vogiatzis, Dimitrios"]
[Black "Wiedemann, Hans Joerg"]
[Result "1-0"]
[WhiteElo "2044"]
[BlackElo "1703"]
[PlyCount "69"]
[EventDate "2010.09.26"]
[EventType "team-tourn"]
[EventRounds "9"]
[EventCountry "GER"]
[SourceTitle "EXT 2012"]
[Source "ChessBase"]
[SourceDate "2011.11.24"]
[SourceVersion "1"]
[SourceVersionDate "2011.11.24"]
[SourceQuality "1"]
[WhiteTeam "Nuernberg NT V"]
[BlackTeam "Buechenbach/Roth III"]
[WhiteTeamCountry "GER"]
[BlackTeamCountry "GER"]

1. d4 Nf6 2. Nc3 d5 3. Bg5 h6 4. Bh4 Nc6 5. f3 e6 6. a3 Be7 7. Bf2 e5 8. e3 0-0 9. Bd3 Re8 10. Nge2 Bf8 11. Qd2 a6 12. 0-0 Be6 13. Ng3 Qd7 14. Rae1 Rad8 15. Nb1 Bd6 16. c3 e4 17. fxe4 Bxg3 18. Bxg3 Nxe4 19. Bxe4 dxe4 20. Qe2 Na5 21. Nd2 b5 22. Rf4 f5 23. Qh5 c5 24. Rf2 cxd4 25. cxd4 Rc8 26. Be5 Nc4 27. Nxc4 Rxc4 28. h3 Rec8 29. Kh2 Kh7 30. Ree2 g6 31. Qh4 Qd8 32. Bf6 Qd6+ 33. g3 Rc1 34. Rf4 Rg8 35. Qxh6+ 1-0

[Event "Mittelfranken-chTB2a 1011"]
[Site "Germany"]
[Date "2011.03.13"]
[Round "7.1"]
[White "Wiedemann, Hans Joerg"]
[Black "Eber, Fabian"]
[Result "0-1"]
[WhiteElo "1703"]
[BlackElo "1937"]
[PlyCount "92"]
[EventDate "2010.09.26"]
[EventType "team-tourn"]
[EventRounds "9"]
[EventCountry "GER"]
[SourceTitle "EXT 2012"]
[Source "ChessBase"]
[SourceDate "2011.11.24"]
[SourceVersion "1"]
[SourceVersionDate "2011.11.24"]
[SourceQuality "1"]
[WhiteTeam "Buechenbach/Roth III"]
[BlackTeam "Wilhermsdorf/Langenzenn"]
[WhiteTeamCountry "GER"]
[BlackTeamCountry "GER"]

1. e4 d6 2. d4 g6 3. Nf3 Bg7 4. Bb5+ c6 5. Bd3 h5 6. Nc3 Nh6 7. h3 b5 8. Ne2 Nd7 9. c3 Nb6 10. d5 cxd5 11. Bxb5+ Bd7 12. Bxd7+ Qxd7 13. exd5 Qb5 14. Nf4 Be5 15. Qd3 Qxd3 16. Nxd3 Bf6 17. Nf4 Nf5 18. h4 Rc8 19. Bd2 Be5 20. Nd3 Bg7 21. Nb4 a5 22. Nc6 Ra8 23. Nfd4 Nxd4 24. cxd4 a4 25. 0-0 Nxd5 26. Rac1 Kd7 27. Rc2 Rhc8 28. Rfc1 Rc7 29. Ba5 Rxc6 30. Rxc6 Rxa5 31. R6c4 Ra7 32. Rd1 Nc7 33. Rd2 Nb5 34. Rb4 Ra5 35. Kf1 e6 36. Ke2 d5 37. Kd3 Bf8 38. a3 Bxb4 39. axb4 Ra7 40. Rd1 a3 41. bxa3 Rxa3+ 42. Kc2 Rc3+ 43. Kb2 Rc4 44. Kb3 Nxd4+ 45. Ka4 Kc6 46. Rd2 Nb5 0-1

[Event "Mittelfranken-chTB2a 1011"]
[Site "Germany"]
[Date "2010.11.21"]
[Round "3.1"]
[White "Wiedemann, Hans Joerg"]
[Black "Kuhmann, Peter"]
[Result "0-1"]
[WhiteElo "1703"]
[BlackElo "1923"]
[PlyCount "120"]
[EventDate "2010.09.26"]
[EventType "team-tourn"]
[EventRounds "9"]
[EventCountry "GER"]
[SourceTitle "EXT 2012"]
[Source "ChessBase"]
[SourceDate "2011.11.24"]
[SourceVersion "1"]
[SourceVersionDate "2011.11.24"]
[SourceQuality "1"]
[WhiteTeam "Buechenbach/Roth III"]
[BlackTeam "Kirchehrenbach/Ebermannstadt"]
[WhiteTeamCountry "GER"]
[BlackTeamCountry "GER"]

1. e4 d5 2. exd5 Nf6 3. d4 Nxd5 4. c4 Nf6 5. Be2 Bf5 6. Bf3 c6 7. Nc3 Nbd7 8. Bf4 e6 9. g4 Bg6 10. g5 Ng8 11. h4 Bb4 12. a3 Bxc3+ 13. bxc3 Qa5 14. Qb3 e5 15. Bd2 Ne7 16. Bg4 Qc7 17. Ne2 0-0 18. Bxd7 Qxd7 19. dxe5 Qf5 20. f4 Qe4 21. Rh2 Bh5 22. Qb1 Qxc4 23. Qb4 Bxe2 24. Rxe2 Qxb4 25. axb4 Nf5 26. Rh2 Rfd8 27. Rh3 Rd5 28. Ke2 Rad8 29. Be1 a6 30. Rc1 f6 31. gxf6 gxf6 32. exf6 Kf7 33. h5 Re8+ 34. Kf2 Kxf6 35. Rc2 Re4 36. Bd2 Nh6 37. Bc1 Kf5 38. Re2 Rxe2+ 39. Kxe2 Kg4 40. Rh1 Rxh5 41. Rxh5 Kxh5 42. Kf3 Kg6 43. Ke4 Kf6 44. c4 Nf5 45. Bb2+ Ke6 46. Kf3 h5 47. Be5 c5 48. bxc5 a5 49. Bc3 a4 50. Bb2 h4 51. Bc1 Kd7 52. Ke4 Ke6 53. Kf3 h3 54. Bb2 Ne3 55. Kg3 Nxc4 56. Ba1 a3 57. Kxh3 Kf5 58. Kg3 Na5 59. Kf3 Nb3 60. Bc3 a2 0-1

[Event "Mittelfranken-chTB2a 1011"]
[Site "Germany"]
[Date "2010.09.26"]
[Round "1.1"]
[White "Wiedemann, Hans Joerg"]
[Black "Engelmann, Wolfgang"]
[Result "0-1"]
[WhiteElo "1703"]
[BlackElo "2099"]
[PlyCount "72"]
[EventDate "2010.09.26"]
[EventType "team-tourn"]
[EventRounds "9"]
[EventCountry "GER"]
[SourceTitle "EXT 2012"]
[Source "ChessBase"]
[SourceDate "2011.11.24"]
[SourceVersion "1"]
[SourceVersionDate "2011.11.24"]
[SourceQuality "1"]
[WhiteTeam "Buechenbach/Roth III"]
[BlackTeam "Rothenburg/Tauber"]
[WhiteTeamCountry "GER"]
[BlackTeamCountry "GER"]

1. e4 c5 2. Nf3 d6 3. d4 cxd4 4. Nxd4 Nf6 5. Bb5+ Bd7 6. Bxd7+ Qxd7 7. Qe2 g6 8. c3 Bg7 9. 0-0 0-0 10. Re1 Nc6 11. Nd2 Nxd4 12. cxd4 Rfc8 13. Nf3 Rc7 14. Bf4 Rac8 15. Rac1 Rxc1 16. Rxc1 Rxc1+ 17. Bxc1 Qc6 18. Bg5 Nxe4 19. Bxe7 Qc1+ 20. Qe1 Qxe1+ 21. Nxe1 Bxd4 22. Nd3 f6 23. Kf1 Kf7 24. Bd8 Nc5 25. Nxc5 dxc5 26. b3 b6 27. f4 b5 28. Ke2 Ke6 29. Ba5 f5 30. h3 Kd5 31. Kd3 c4+ 32. bxc4+ bxc4+ 33. Ke2 Ke4 34. Bd2 Bb2 35. Kd1 Kd3 36. Bc1 c3 0-1

[Event "Mittelfranken-chTB2a 0910"]
[Site "Mittelfranken"]
[Date "2010.01.31"]
[Round "6.1"]
[White "Luther, Helmut"]
[Black "Wiedemann, Hans Joerg"]
[Result "1-0"]
[WhiteElo "1895"]
[BlackElo "1705"]
[PlyCount "53"]
[EventDate "2009.10.11"]
[EventType "team-tourn"]
[EventRounds "9"]
[EventCountry "GER"]
[SourceTitle "EXT 2011"]
[Source "ChessBase"]
[SourceDate "2010.11.26"]
[SourceVersion "1"]
[SourceVersionDate "2010.11.26"]
[SourceQuality "1"]
[WhiteTeam "Nuernberg Sued SW III"]
[BlackTeam "Buechenbach/Roth III"]
[WhiteTeamCountry "GER"]
[BlackTeamCountry "GER"]

1. d4 Nf6 2. c4 e5 3. dxe5 Ng4 4. Bf4 Nc6 5. Nf3 Bb4+ 6. Nbd2 Qe7 7. a3 Ngxe5 8. Nxe5 Nxe5 9. e3 Bxd2+ 10. Qxd2 d6 11. Be2 Be6 12. c5 Rd8 13. cxd6 cxd6 14. Qd4 0-0 15. Qxa7 Bg4 16. Bxe5 Bxe2 17. Bxg7 Ba6 18. Bxf8 Qg5 19. Qd4 Rxf8 20. f3 h5 21. Kf2 Qb5 22. Qd2 h4 23. Rac1 Re8 24. Rhe1 Qe5 25. Kg1 Qg5 26. Qd4 Kh7 27. Rc7 1-0

[Event "Mittelfrankenliga-B2b 0607"]
[Site "Mittelfranken"]
[Date "2007.01.28"]
[Round "5.2"]
[White "Ahlich, Thomas"]
[Black "Wiedemann, Hans Joerg"]
[Result "1-0"]
[WhiteElo "1912"]
[BlackElo "1727"]
[PlyCount "41"]
[EventDate "2006.10.22"]
[EventType "team-tourn"]
[EventRounds "9"]
[EventCountry "GER"]
[SourceTitle "EXT 2011"]
[Source "ChessBase"]
[SourceDate "2010.11.26"]
[SourceVersion "1"]
[SourceVersionDate "2010.11.26"]
[SourceQuality "1"]
[WhiteTeam "Nuernberg Zabo"]
[BlackTeam "Buechenbach/Roth II"]
[WhiteTeamCountry "GER"]
[BlackTeamCountry "GER"]

1. e4 d5 2. exd5 Nf6 3. d4 Nxd5 4. c4 Nf6 5. Nc3 c5 6. d5 e6 7. Bf4 a6 8. dxe6 Qxd1+ 9. Rxd1 Bxe6 10. Bd3 Nc6 11. Nf3 h6 12. a3 g5 13. Bg3 Bg7 14. 0-0 Nd7 15. Nd5 0-0-0 16. b4 cxb4 17. axb4 Bxd5 18. cxd5 Nce5 19. Bf5 Nxf3+ 20. gxf3 b6 21. Rc1+ 1-0

[Event "Mittelfrankenliga-B2b 0607"]
[Site "Mittelfranken"]
[Date "2006.10.22"]
[Round "1.2"]
[White "Wiedemann, Hans Joerg"]
[Black "Adler, Herbert"]
[Result "0-1"]
[WhiteElo "1727"]
[BlackElo "1992"]
[PlyCount "48"]
[EventDate "2006.10.22"]
[EventType "team-tourn"]
[EventRounds "9"]
[EventCountry "GER"]
[SourceTitle "EXT 2011"]
[Source "ChessBase"]
[SourceDate "2010.11.26"]
[SourceVersion "1"]
[SourceVersionDate "2010.11.26"]
[SourceQuality "1"]
[WhiteTeam "Buechenbach/Roth II"]
[BlackTeam "Buechenbach/Roth"]
[WhiteTeamCountry "GER"]
[BlackTeamCountry "GER"]

1. e4 e6 2. d4 d5 3. exd5 exd5 4. Be2 Bd6 5. Nf3 Nc6 6. 0-0 Bf5 7. Nc3 Nge7 8. Re1 Qd7 9. Nh4 Be6 10. Nb5 0-0-0 11. c3 f6 12. Qa4 Kb8 13. Nxd6 Qxd6 14. g3 g5 15. Ng2 h5 16. b4 Ng6 17. b5 Nce7 18. Ba3 Qd7 19. Qb4 h4 20. Bd3 hxg3 21. fxg3 Bf5 22. Rxe7 Nxe7 23. Qxe7 Bxd3 24. Qxf6 Qh3 0-1